Получение высокочистого железа из пиритовых огарков; Современные техника и технологии; Т. 2

Podrobná bibliografie
Parent link:Современные техника и технологии: сборник трудов XIX международной научно-практической конференции студентов, аспирантов и молодых ученых, Томск, 15-19 апреля 2013 г./ Национальный исследовательский Томский политехнический университет (ТПУ).— , 2013
Т. 2.— 2013.— [С. 84-85]
Hlavní autor: Курченко Е. И. Евгений Игоревич
Korporativní autor: Национальный исследовательский Томский политехнический университет (ТПУ) Физико-технический институт (ФТИ) Кафедра химической технологии редких, рассеянных и радиоактивных элементов (№ 43) (ХТРЭ)
Další autoři: Крайденко Р. И. Роман Иванович (научный руководитель)
Shrnutí:Заглавие с титульного экрана
Jazyk:ruština
Vydáno: 2013
Edice:Материаловедение
Témata:
On-line přístup:http://www.lib.tpu.ru/fulltext/c/2013/C01/V2/041.pdf
Médium: Elektronický zdroj Kapitola
KOHA link:https://koha.lib.tpu.ru/cgi-bin/koha/opac-detail.pl?biblionumber=243096

MARC

LEADER 00000naa2a2200000 4500
001 243096
005 20251216162329.0
035 |a (RuTPU)RU\TPU\book\264432 
035 |a RU\TPU\book\264431 
090 |a 243096 
100 |a 20130918d2013 k y0rusy50 ca 
101 0 |a rus 
102 |a RU 
135 |a drnn ---uucaa 
181 0 |a i  
182 0 |a b 
200 1 |a Получение высокочистого железа из пиритовых огарков  |f Е. И. Курченко  |g науч. рук. Р. И. Крайденко 
203 |a Текст  |c электронный 
225 1 |a Материаловедение 
300 |a Заглавие с титульного экрана 
320 |a [Библиогр.: с. 85 (6 назв.)] 
337 |a Adobe Reader 
461 1 |0 (RuTPU)RU\TPU\book\263794  |t Современные техника и технологии  |o сборник трудов XIX международной научно-практической конференции студентов, аспирантов и молодых ученых, Томск, 15-19 апреля 2013 г.  |o в 3 т.  |f Национальный исследовательский Томский политехнический университет (ТПУ)   |d 2013 
463 1 |0 (RuTPU)RU\TPU\book\263797  |t Т. 2  |v [С. 84-85]  |d 2013 
610 1 |a труды учёных ТПУ 
610 1 |a электронный ресурс 
610 1 |a получение 
610 1 |a высокочистые вещества 
610 1 |a железо 
610 1 |a пиритсодержащее сырье 
610 1 |a огарки 
700 1 |a Курченко  |b Е. И.  |c химик-технолог  |c техник-проектировщик Томского политехнического университета  |f 1991-  |g Евгений Игоревич  |3 (RuTPU)RU\TPU\pers\31177 
702 1 |a Крайденко  |b Р. И.  |c химик-технолог  |c доцент Томского политехнического университета, старший научный сотрудник, кандидат химических наук  |f 1983-  |g Роман Иванович  |3 (RuTPU)RU\TPU\pers\26383  |4 727 
712 0 2 |a Национальный исследовательский Томский политехнический университет (ТПУ)  |b Физико-технический институт (ФТИ)  |b Кафедра химической технологии редких, рассеянных и радиоактивных элементов (№ 43) (ХТРЭ)  |3 (RuTPU)RU\TPU\col\18733 
801 2 |a RU  |b 63413507  |c 20130920  |g RCR 
856 4 |u http://www.lib.tpu.ru/fulltext/c/2013/C01/V2/041.pdf 
942 |c BK